[Event "Fide Women Grand Prix Dilijan 2013"]
[Site "Dilijan ARM"]
[Date "2013.06.19"]
[Round "4.1"]
[White "Cmilyte, Viktorija"]
[Black "Muzychuk, Anna"]
[Result "0-1"]
[WhiteElo "2511"]
[BlackElo "2593"]
[PlyCount "136"]
[EventDate "2013.06.16"]
[EventType "tourn"]
[EventRounds "11"]
[EventCountry "ARM"]
[EventCategory "11"]
[Source "lmi"]
[SourceDate "2013.06.16"]

1. d4 d5 2. c4 c6 3. Nf3 Nf6 4. e3 Bg4 5. Qb3 Qb6 6. Nc3 e6 7. Nh4 Bh5 8. h3 g5
9. Nf3 h6 10. Bd3 Nbd7 11. g4 Qxb3 12. axb3 Bg6 13. Bxg6 fxg6 14. Bd2 Bg7 15.
Ke2 O-O 16. Rag1 Ne4 17. Be1 e5 18. cxd5 Nxc3+ 19. Bxc3 e4 20. Ne5 Nxe5 21.
dxe5 cxd5 22. Rd1 Rad8 23. Rd2 Rf3 24. Ra1 Rdf8 25. Ke1 Rxh3 26. Rxa7 Rh1+ 27.
Ke2 h5 28. Rxb7 hxg4 29. Rxd5 Rh2 30. Rdd7 Rhxf2+ 31. Kd1 Rf1+ 32. Kc2 R8f2+
33. Bd2 Bxe5 34. Re7 g3 35. Re8+ Rf8 36. Rxe5 g2 37. Rxg5 g1=Q 38. Rxg1 Rxg1
39. b4 Rg2 40. Rd7 g5 41. Kb3 Rgf2 42. Bc3 R2f7 43. Rd4 Kh7 44. Rxe4 Rg8 45. b5
Rb7 46. Rb4 g4 47. Be5 Rg5 48. Bf4 Rgxb5 49. Rxb5 Rxb5+ 50. Kc3 Kg6 51. b4 Rf5
52. Kd4 Kf6 53. Ke4 Ke6 54. Bc7 Rf7 55. Bg3 Rf3 56. Bb8 Kd7 57. b5 Kc8 58. Be5
Kb7 59. Bd4 Rf7 60. Ke5 g3 61. e4 g2 62. Ke6 Rf4 63. Ke5 Rf1 64. Ke6 g1=Q 65.
Bxg1 Rxg1 66. e5 Kc7 67. Ke7 Rb1 68. b6+ Rxb6 0-1

[Event "Fide Women Grand Prix Dilijan 2013"]
[Site "Dilijan ARM"]
[Date "2013.06.19"]
[Round "4.6"]
[White "Batchimeg, Tuvshintugs"]
[Black "Harika, Dronavalli"]
[Result "1/2-1/2"]
[WhiteElo "2316"]
[BlackElo "2492"]
[PlyCount "122"]
[EventDate "2013.06.16"]
[EventType "tourn"]
[EventRounds "11"]
[EventCountry "ARM"]
[EventCategory "11"]
[Source "lmi"]
[SourceDate "2013.06.16"]

1. d4 e6 2. c4 d5 3. Nf3 Nf6 4. Nc3 Bb4 5. cxd5 exd5 6. Bg5 h6 7. Bh4 g5 8. Bg3
Ne4 9. Rc1 h5 10. Qa4+ Nc6 11. Ne5 Bd7 12. Nxd7 Qxd7 13. f3 h4 14. Bf2 Nxf2 15.
Kxf2 g4 16. e3 g3+ 17. Ke1 gxh2 18. Rxh2 Rh6 19. Bb5 Qd6 20. Rh3 Kf8 21. Bxc6
bxc6 22. a3 Bxc3+ 23. Rxc3 Kg7 24. Qc2 Re8 25. Qf5 Ree6 26. Kf1 Qe7 27. Kf2 a5
28. Qf4 a4 29. b4 axb3 30. Rxb3 c5 31. Rb7 cxd4 32. Qxd4+ Kh7 33. Rb8 Qf6 34.
Qxd5 Rd6 35. Qe4+ Kg7 36. f4 Rd2+ 37. Kf3 Qa6 38. Qe5+ Rf6 39. Qg5+ Rg6 40.
Qe5+ Rf6 41. Qb5 Qxb5 42. Rxb5 Rg6 43. Rxh4 Rgxg2 44. a4 Rdf2+ 45. Ke4 Ra2 46.
a5 c6 47. Re5 Rg3 48. Kf5 Ra3 49. Rg4+ Rxg4 50. Kxg4 Kg6 51. Kf3 Ra4 52. Rc5
Kg7 53. Kg4 Re4 54. Kf3 Ra4 55. e4 f6 56. e5 fxe5 57. Rxe5 Kf6 58. Rc5 Ke7 59.
Rxc6 Rxa5 60. Kg4 Kf7 61. f5 Ra1 1/2-1/2

[Event "Fide Women Grand Prix Dilijan 2013"]
[Site "Dilijan ARM"]
[Date "2013.06.21"]
[Round "5.1"]
[White "Harika, Dronavalli"]
[Black "Cmilyte, Viktorija"]
[Result "1/2-1/2"]
[WhiteElo "2492"]
[BlackElo "2511"]
[PlyCount "204"]
[EventDate "2013.06.16"]
[EventType "tourn"]
[EventRounds "11"]
[EventCountry "ARM"]
[EventCategory "11"]
[Source "lmi"]
[SourceDate "2013.06.16"]

1. d4 Nf6 2. c4 c5 3. d5 e6 4. g3 exd5 5. cxd5 d6 6. Nc3 g6 7. Bg2 Bg7 8. Nf3
O-O 9. O-O Re8 10. a4 a6 11. Bf4 Bg4 12. h3 Bxf3 13. Bxf3 Qe7 14. e4 Nbd7 15.
Qd2 Rab8 16. Rae1 b5 17. axb5 axb5 18. b3 Ne5 19. Bg2 Nfd7 20. Bh6 b4 21. Ne2
Bxh6 22. Qxh6 Nf6 23. Qd2 c4 24. Nd4 c3 25. Qd1 Qa7 26. f4 Ned7 27. Kh2 Qc5 28.
Nc6 Rbc8 29. e5 Nh5 30. Qg4 Nb6 31. f5 dxe5 32. fxg6 fxg6 33. Nxe5 Qd6 34. Nf7
Qxg3+ 35. Qxg3 Nxg3 36. Rxe8+ Rxe8 37. Kxg3 c2 38. Nh6+ Kg7 39. Ng4 h5 40. Rc1
hxg4 41. Rxc2 gxh3 42. Kxh3 Re3+ 43. Kh2 Rxb3 44. Rc6 Na4 45. Be4 Rb2+ 46. Kh3
Nc3 47. Rxg6+ Kf7 48. Re6 Rd2 49. Bg6+ Kg7 50. Rc6 Nxd5 51. Be4 Nc3 52. Rc4 Re2
53. Rxb4 Nxe4 54. Kg4 Nf6+ 55. Kf5 Rf2+ 56. Rf4 Ra2 57. Rf1 Kf7 58. Ke5 Ra5+
59. Kd6 Rd5+ 60. Kc6 Rd2 61. Re1 Nd7 62. Kb5 Rd4 63. Re2 Kf6 64. Re8 Ne5 65.
Kc5 Rd1 66. Rf8+ Ke7 67. Rh8 Nd7+ 68. Kc4 Ke6 69. Re8+ Kf5 70. Rh8 Nf6 71. Rf8
Ke5 72. Ra8 Rd4+ 73. Kc3 Nd5+ 74. Kc2 Rc4+ 75. Kd3 Rc3+ 76. Kd2 Rh3 77. Ke2
Nc3+ 78. Kd2 Kd4 79. Rd8+ Nd5 80. Ke2 Rh5 81. Kf3 Rg5 82. Ke2 Rf5 83. Rd6 Re5+
84. Kf3 Re3+ 85. Kf2 Re8 86. Ra6 Rf8+ 87. Kg3 Nc3 88. Kg4 Ke5 89. Ra5+ Ke4 90.
Kg5 Rf1 91. Kg6 Nd5 92. Ra8 Rg1+ 93. Kf7 Ke5 94. Re8+ Kf5 95. Re2 Nf4 96. Rf2
Rd1 97. Ke7 Ke5 98. Ra2 Nd5+ 99. Kf7 Rf1+ 100. Kg7 Rg1+ 101. Kf7 Rf1+ 102. Kg7
Rg1+ 1/2-1/2

[Event "Fide Women Grand Prix Dilijan 2013"]
[Site "Dilijan ARM"]
[Date "2013.06.21"]
[Round "5.5"]
[White "Khotenashvili, Bela"]
[Black "Koneru, Humpy"]
[Result "1/2-1/2"]
[WhiteElo "2531"]
[BlackElo "2597"]
[PlyCount "90"]
[EventDate "2013.06.16"]
[EventType "tourn"]
[EventRounds "11"]
[EventCountry "ARM"]
[EventCategory "11"]
[Source "lmi"]
[SourceDate "2013.06.16"]

1. d4 Nf6 2. c4 e6 3. Nf3 Bb4+ 4. Nbd2 b6 5. a3 Bxd2+ 6. Qxd2 O-O 7. g3 Ba6 8.
Qc2 Bb7 9. Bg2 Be4 10. Qc3 d6 11. b4 Nbd7 12. O-O Qe7 13. Bb2 Rfc8 14. Bh3 Bb7
15. Rfd1 c5 16. bxc5 bxc5 17. d5 Nf8 18. e4 Rd8 19. Re1 e5 20. Nh4 Bc8 21. Bxc8
Rdxc8 22. Nf5 Qd7 23. f4 Nxe4 24. Nh6+ gxh6 25. Rxe4 f6 26. Rf1 Ng6 27. f5 Ne7
28. Qf3 Kh8 29. Bc1 Ng8 30. Qh5 Qg7 31. Rg4 Qf8 32. Qh3 Rab8 33. Rh4 Rb1 34.
Bxh6 Rxf1+ 35. Kxf1 Nxh6 36. Rxh6 Rc7 37. Qh4 Rf7 38. Rg6 Qe7 39. Ke2 Qd8 40.
Kf3 Qe7 41. Kg2 Rf8 42. Kf1 Rf7 43. Kg2 Rf8 44. Kf1 Rf7 45. Kg2 Rf8 1/2-1/2

[Event "Fide Women Grand Prix Dilijan 2013"]
[Site "Dilijan ARM"]
[Date "2013.06.22"]
[Round "6.3"]
[White "Dzagnidze, Nana"]
[Black "Khotenashvili, Bela"]
[Result "1-0"]
[WhiteElo "2550"]
[BlackElo "2531"]
[PlyCount "73"]
[EventDate "2013.06.16"]
[EventType "tourn"]
[EventRounds "11"]
[EventCountry "ARM"]
[EventCategory "11"]
[Source "lmi"]
[SourceDate "2013.06.16"]

1. d4 d5 2. c4 e6 3. Nc3 Be7 4. cxd5 exd5 5. Bf4 c6 6. Qc2 g6 7. e3 Bf5 8. Qd2
Nd7 9. f3 Ngf6 10. g4 Be6 11. Nge2 b5 12. Bg2 Nb6 13. b3 Nfd7 14. O-O Nc8 15.
Rac1 Nd6 16. e4 a6 17. e5 Nb7 18. Bh6 Nb6 19. h3 Qd7 20. a4 Na5 21. Rb1 b4 22.
Na2 c5 23. dxc5 Bxc5+ 24. Nd4 Nxb3 25. Rxb3 Nc4 26. Qf2 Qxa4 27. Nc1 a5 28. f4
Qd7 29. Rf3 Qa7 30. Ncb3 a4 31. Nxc5 Qxc5 32. f5 gxf5 33. gxf5 Nxe5 34. fxe6
Nxf3+ 35. Qxf3 Qxd4+ 36. Be3 Qg7 37. exf7+ 1-0

[Event "Fide Women Grand Prix Dilijan 2013"]
[Site "Dilijan ARM"]
[Date "2013.06.22"]
[Round "6.4"]
[White "Girya, Olga"]
[Black "Kosintseva, Tatiana"]
[Result "1/2-1/2"]
[WhiteElo "2436"]
[BlackElo "2526"]
[PlyCount "99"]
[EventDate "2013.06.16"]
[EventType "tourn"]
[EventRounds "11"]
[EventCountry "ARM"]
[EventCategory "11"]
[Source "lmi"]
[SourceDate "2013.06.16"]

1. d4 Nf6 2. c4 e6 3. Nf3 d5 4. Nc3 Bb4 5. cxd5 exd5 6. Bg5 O-O 7. e3 c5 8. Be2
h6 9. Bh4 c4 10. O-O g5 11. Bg3 Bxc3 12. bxc3 Ne4 13. Qc2 Bf5 14. Qb2 Nd7 15.
Nd2 Qb6 16. Qxb6 axb6 17. Nxe4 Bxe4 18. f3 Bg6 19. e4 Rfe8 20. Bd6 f6 21. Rf2
Bf7 22. exd5 Bxd5 23. f4 Re3 24. Bg4 Be6 25. Re2 Rxe2 26. Bxe2 Bd5 27. Bg4 Nf8
28. f5 Re8 29. Kf2 Nd7 30. Rb1 Bc6 31. Be2 b5 32. d5 Bxd5 33. Rxb5 Bc6 34.
Bxc4+ Kg7 35. Rb2 Ne5 36. Be2 Nf7 37. Bg3 Ra8 38. Bc4 Ra3 39. Bb3 Ra5 40. Be6
h5 41. c4 Nh6 42. Bc7 Ng4+ 43. Ke2 Ra3 44. Rd2 Re3+ 45. Kd1 Rc3 46. Ke2 Re3+
47. Kd1 Rc3 48. Ke2 Re3+ 49. Kd1 Rc3 50. Ke2 1/2-1/2

[Event "Fide Women Grand Prix Dilijan 2013"]
[Site "Dilijan ARM"]
[Date "2013.06.22"]
[Round "6.6"]
[White "Harika, Dronavalli"]
[Black "Danielian, Elina"]
[Result "1-0"]
[WhiteElo "2492"]
[BlackElo "2475"]
[PlyCount "155"]
[EventDate "2013.06.16"]
[EventType "tourn"]
[EventRounds "11"]
[EventCountry "ARM"]
[EventCategory "11"]
[Source "lmi"]
[SourceDate "2013.06.16"]

1. d4 Nf6 2. c4 e6 3. g3 Bb4+ 4. Bd2 Bxd2+ 5. Qxd2 O-O 6. Bg2 d5 7. Nf3 c6 8.
O-O Nbd7 9. Rc1 Qe7 10. Qe3 Re8 11. Ne5 Nxe5 12. dxe5 Nd7 13. Nd2 b6 14. cxd5
cxd5 15. Qd4 Ba6 16. e4 Nc5 17. exd5 exd5 18. Re1 Rad8 19. Nf3 Qd7 20. Rad1 h6
21. Qc3 Rc8 22. Qa3 Qa4 23. Qxa4 Nxa4 24. Rd2 Nc5 25. Bf1 Bb7 26. Nd4 Ne6 27.
Nxe6 fxe6 28. f4 Rc5 29. Bd3 Kf7 30. h4 Rec8 31. Kf2 Ra5 32. Bb1 Ba6 33. h5
Rac5 34. Ke3 Ke7 35. Bg6 Bb5 36. g4 Be8 37. Bd3 Bb5 38. Bg6 Be8 39. Bh7 Ba4 40.
Rg1 Rc1 41. Rdg2 Be8 42. Bd3 a5 43. Kd2 Rxg1 44. Rxg1 Rc5 45. a3 Rc8 46. Ke3
Rc7 47. Rh1 Kf8 48. f5 Ke7 49. Kd4 Bf7 50. Rg1 Rc8 51. Rh1 Rc7 52. Rf1 Rc8 53.
b4 a4 54. Rh1 Rc7 55. Rg1 Rc8 56. Rf1 exf5 57. gxf5 Bxh5 58. f6+ gxf6 59. Rxf6
Rc1 60. Rxh6 Bf7 61. Rxb6 Ra1 62. Rb7+ Kf8 63. Bf5 Rxa3 64. e6 Be8 65. Ke5 Rf3
66. Kf6 d4 67. e7+ Kg8 68. Rb8 Rxf5+ 69. Kxf5 Kf7 70. Ke4 Kxe7 71. Kxd4 Bf7 72.
Ra8 Bb3 73. Kc5 Kd7 74. b5 Kc7 75. Ra7+ Kb8 76. Kb6 Kc8 77. Rc7+ Kd8 78. Rc3
1-0

[Event "Fide Women Grand Prix Dilijan 2013"]
[Site "Dilijan ARM"]
[Date "2013.06.23"]
[Round "7.1"]
[White "Danielian, Elina"]
[Black "Cmilyte, Viktorija"]
[Result "1/2-1/2"]
[WhiteElo "2475"]
[BlackElo "2511"]
[PlyCount "126"]
[EventDate "2013.06.16"]
[EventType "tourn"]
[EventRounds "11"]
[EventCountry "ARM"]
[EventCategory "11"]
[Source "lmi"]
[SourceDate "2013.06.16"]

1. d4 Nf6 2. c4 e6 3. Nc3 d5 4. Nf3 c5 5. cxd5 Nxd5 6. e4 Nxc3 7. bxc3 cxd4 8.
cxd4 Bb4+ 9. Bd2 Bxd2+ 10. Qxd2 O-O 11. Bc4 Nd7 12. O-O b6 13. Rad1 Bb7 14. Qf4
Rc8 15. Bb3 Qf6 16. Qe3 Rfd8 17. Rfe1 Qe7 18. Qf4 Qf6 19. Qg3 Rc3 20. e5 Qe7
21. Re3 Rdc8 22. Ng5 Rc1 23. Ree1 Rxd1 24. Rxd1 h6 25. Nh3 b5 26. Nf4 Nf8 27.
d5 exd5 28. Bxd5 Bxd5 29. Nxd5 Qe6 30. h4 Kh8 31. f4 Rd8 32. Qf3 a5 33. h5 b4
34. Kh2 Rd7 35. Rd3 Qe8 36. Qg4 Ne6 37. f5 Ng5 38. Qf4 Qd8 39. Qc4 Qb8 40. Rg3
Qxe5 41. Qc8+ Kh7 42. Qxd7 Ne4 43. Qxf7 Qxg3+ 44. Kg1 Qe1+ 45. Kh2 Qh4+ 46. Kg1
Nf6 47. Qg6+ Kh8 48. Nxf6 Qxf6 49. Qe8+ Kh7 50. Qb5 Qa1+ 51. Kh2 Qxa2 52. f6
Qe6 53. fxg7 b3 54. Qxa5 Kxg7 55. Qc3+ Kf8 56. Qb4+ Kf7 57. Qf4+ Ke8 58. Qb8+
Kd7 59. Qb7+ Kd6 60. Qb6+ Ke5 61. Qe3+ Kd6 62. Qb6+ Ke5 63. Qe3+ Kd6 1/2-1/2

[Event "Fide Women Grand Prix Dilijan 2013"]
[Site "Dilijan ARM"]
[Date "2013.06.23"]
[Round "7.5"]
[White "Muzychuk, Anna"]
[Black "Dzagnidze, Nana"]
[Result "1-0"]
[WhiteElo "2593"]
[BlackElo "2550"]
[PlyCount "77"]
[EventDate "2013.06.16"]
[EventType "tourn"]
[EventRounds "11"]
[EventCountry "ARM"]
[EventCategory "11"]
[Source "lmi"]
[SourceDate "2013.06.16"]

1. e4 c5 2. Nf3 e6 3. d4 cxd4 4. Nxd4 Nc6 5. Nc3 Qc7 6. Be3 Nf6 7. f4 Bb4 8.
Ndb5 Qa5 9. e5 Ne4 10. Qd3 Nxc3 11. bxc3 Be7 12. Be2 O-O 13. O-O f6 14. exf6
Bxf6 15. Rab1 d5 16. Bg4 Bd7 17. c4 Ne7 18. Nd4 Qa6 19. c5 Bxd4 20. Bxd4 Qxd3
21. cxd3 Nc6 22. Rxb7 Nxd4 23. Rxd7 Rf7 24. Rd6 Rc8 25. c6 Kf8 26. Bxe6 Ke7 27.
Rd7+ Kxe6 28. Re1+ Kf6 29. Rd6+ Kf5 30. Rxd5+ Kg4 31. h3+ Kh4 32. Rxd4 Rxc6 33.
Re5 Rc2 34. a4 Rb7 35. Rg5 g6 36. Rdd5 h5 37. Rxg6 Rb1+ 38. Kh2 a5 39. Rh6 1-0

[Event "Fide Women Grand Prix Dilijan 2013"]
[Site "Dilijan ARM"]
[Date "2013.06.24"]
[Round "8.1"]
[White "Cmilyte, Viktorija"]
[Black "Koneru, Humpy"]
[Result "1/2-1/2"]
[WhiteElo "2511"]
[BlackElo "2597"]
[PlyCount "104"]
[EventDate "2013.06.16"]
[EventType "tourn"]
[EventRounds "11"]
[EventCountry "ARM"]
[EventCategory "11"]
[Source "lmi"]
[SourceDate "2013.06.16"]

1. d4 Nf6 2. c4 e6 3. Nc3 Bb4 4. Qc2 O-O 5. Nf3 c5 6. dxc5 Na6 7. g3 Nxc5 8.
Bg2 Nce4 9. O-O Nxc3 10. bxc3 Be7 11. e4 d6 12. e5 dxe5 13. Nxe5 Qc7 14. Qe2
Bd6 15. Bf4 Ne8 16. c5 Qxc5 17. c4 Rb8 18. Rab1 f6 19. Nd3 Qc7 20. c5 Bxf4 21.
Nxf4 Qxc5 22. Nxe6 Qe7 23. Rfe1 Bxe6 24. Qxe6+ Qxe6 25. Rxe6 Rf7 26. Ra6 bxa6
27. Rxb8 Re7 28. Bf1 g5 29. Bxa6 Kg7 30. Kg2 Nd6 31. Bd3 Rc7 32. Ra8 Nf7 33. a4
Ne5 34. Be4 h6 35. a5 Nd7 36. Bd5 f5 37. Rg8+ Kf6 38. Re8 Nc5 39. Bc4 Rc6 40.
h4 gxh4 41. gxh4 Ne4 42. Bd3 Rd6 43. Bxe4 fxe4 44. Rxe4 Rd5 45. Ra4 a6 46. Kg3
Rb5 47. Kg4 Kg6 48. f3 Rc5 49. Kg3 Kf6 50. Kg4 Kg6 51. Kg3 Kf6 52. Kg4 Kg6
1/2-1/2

[Event "Fide Women Grand Prix Dilijan 2013"]
[Site "Dilijan ARM"]
[Date "2013.06.24"]
[Round "8.3"]
[White "Girya, Olga"]
[Black "Muzychuk, Anna"]
[Result "1/2-1/2"]
[WhiteElo "2436"]
[BlackElo "2593"]
[PlyCount "83"]
[EventDate "2013.06.16"]
[EventType "tourn"]
[EventRounds "11"]
[EventCountry "ARM"]
[EventCategory "11"]
[Source "lmi"]
[SourceDate "2013.06.16"]

1. d4 f5 2. Nf3 Nf6 3. g3 g6 4. c4 Bg7 5. b4 c6 6. Nc3 O-O 7. Bb2 d5 8. cxd5
cxd5 9. Bg2 Nc6 10. a3 Be6 11. O-O Ne4 12. Rc1 Rc8 13. e3 Qd7 14. Qe2 Nxc3 15.
Bxc3 a6 16. b5 axb5 17. Qxb5 h6 18. Rb1 Rc7 19. Rfc1 Rfc8 20. Bd2 Qd6 21. Qb3
Bf7 22. Ne1 e5 23. dxe5 Nxe5 24. Rxc7 Rxc7 25. Ba5 Rd7 26. Bb4 Qa6 27. Qc2 Qc4
28. Rc1 d4 29. exd4 Qxd4 30. Nf3 Qc4 31. Qb1 Qb3 32. Nxe5 Bxe5 33. Qxb3 Bxb3
34. h4 Kg7 35. Bc3 Bxc3 36. Rxc3 Bf7 37. Rc5 Rd1+ 38. Kh2 Rd2 39. Kg1 Rd1+ 40.
Kh2 Rd2 41. Kg1 Rd1+ 42. Kh2 1/2-1/2

[Event "Fide Women Grand Prix Dilijan 2013"]
[Site "Dilijan ARM"]
[Date "2013.06.24"]
[Round "8.4"]
[White "Batchimeg, Tuvshintugs"]
[Black "Khotenashvili, Bela"]
[Result "1/2-1/2"]
[WhiteElo "2316"]
[BlackElo "2531"]
[PlyCount "107"]
[EventDate "2013.06.16"]
[EventType "tourn"]
[EventRounds "11"]
[EventCountry "ARM"]
[EventCategory "11"]
[Source "lmi"]
[SourceDate "2013.06.16"]

1. d4 g6 2. c4 Bg7 3. Nf3 d6 4. Nc3 Nd7 5. e4 e5 6. Bg5 Ne7 7. Qd2 h6 8. Be3
Nc6 9. Be2 exd4 10. Nxd4 Nde5 11. Nxc6 bxc6 12. c5 Be6 13. Rd1 dxc5 14. Bxc5
Qxd2+ 15. Rxd2 Nc4 16. Bxc4 Bxc4 17. Bd4 Bxd4 18. Rxd4 Be6 19. O-O Ke7 20. Rfd1
Rhb8 21. R4d2 Rb4 22. f3 Rc4 23. Rd4 Rc5 24. Kf2 Rb8 25. R1d2 a5 26. R4d3 Rh5
27. h3 Rc5 28. b3 g5 29. g4 Rb4 30. Kg3 Kf6 31. h4 Ke5 32. h5 Rb8 33. Kf2 Kf4
34. Na4 Rc1 35. Rd1 Rxd1 36. Rxd1 Bxb3 37. Rb1 Rd8 38. Rxb3 Rd2+ 39. Ke1 Rxa2
40. Nc3 a4 41. Rb7 Rc2 42. Nxa4 Kxf3 43. Rxc7 Rc4 44. Nb2 Rxe4+ 45. Kf1 Kxg4
46. Nd3 Re3 47. Nf2+ Kxh5 48. Rxf7 g4 49. Rf6 Rf3 50. Rxc6 g3 51. Rc2 Kh4 52.
Kg2 gxf2 53. Rxf2 Rxf2+ 54. Kxf2 1/2-1/2

[Event "Fide Women Grand Prix Dilijan 2013"]
[Site "Dilijan ARM"]
[Date "2013.06.26"]
[Round "9.2"]
[White "Kosintseva, Tatiana"]
[Black "Danielian, Elina"]
[Result "1/2-1/2"]
[WhiteElo "2526"]
[BlackElo "2475"]
[PlyCount "99"]
[EventDate "2013.06.16"]
[EventType "tourn"]
[EventRounds "11"]
[EventCountry "ARM"]
[EventCategory "11"]
[Source "lmi"]
[SourceDate "2013.06.16"]

1. e4 c6 2. d4 d5 3. Nc3 dxe4 4. Nxe4 Nd7 5. Ng5 Ndf6 6. N1f3 Bg4 7. h3 Bxf3 8.
Nxf3 e6 9. g3 Bd6 10. Bg2 Ne7 11. O-O Qc7 12. c4 c5 13. b4 b6 14. dxc5 bxc5 15.
bxc5 Bxc5 16. Bf4 Qa5 17. Rb1 Rc8 18. Nd2 Bb6 19. Nb3 Qa6 20. c5 Bc7 21. Bd6
Bxd6 22. cxd6 Ned5 23. Bxd5 Nxd5 24. d7+ Kxd7 25. Qd4 Ke7 26. Qxg7 Rhg8 27. Qh6
Nc3 28. Qh4+ Kf8 29. Nc5 Qd6 30. Ne4 Qd4 31. Qh6+ Qg7 32. Qxg7+ Kxg7 33. Nxc3
Rxc3 34. Rb2 Rd8 35. Re1 Ra3 36. Re4 Rd5 37. Kg2 Rda5 38. Rg4+ Kf6 39. Rf4+ Rf5
40. Rh4 h5 41. Rd4 Rfa5 42. Rdd2 Kg6 43. h4 Kf6 44. Kh3 Kg6 45. Rbc2 a6 46. Rb2
Kg7 47. Rbc2 Kg6 48. Rb2 Kg7 49. Rbc2 Kg6 50. Rb2 1/2-1/2

[Event "Fide Women Grand Prix Dilijan 2013"]
[Site "Dilijan ARM"]
[Date "2013.06.26"]
[Round "9.4"]
[White "Muzychuk, Anna"]
[Black "Batchimeg, Tuvshintugs"]
[Result "1/2-1/2"]
[WhiteElo "2593"]
[BlackElo "2316"]
[PlyCount "112"]
[EventDate "2013.06.16"]
[EventType "tourn"]
[EventRounds "11"]
[EventCountry "ARM"]
[EventCategory "11"]
[Source "lmi"]
[SourceDate "2013.06.16"]

1. e4 e5 2. Nf3 Nc6 3. Bb5 Nf6 4. O-O Nxe4 5. d4 Nd6 6. Bxc6 dxc6 7. dxe5 Nf5
8. Qxd8+ Kxd8 9. h3 Be6 10. Nc3 Kc8 11. g4 Ne7 12. Nd4 Bc4 13. Re1 c5 14. Nf5
Be6 15. Nxe7+ Bxe7 16. Ne4 h5 17. Bg5 Bxg5 18. Nxg5 Kd7 19. f3 hxg4 20. hxg4
Ke7 21. a3 Rh4 22. Kg2 Bd5 23. Kg3 Rah8 24. Rad1 c6 25. Rd2 Rh1 26. Red1 R8h2
27. Rxh2 Rxd1 28. c3 Rb1 29. Kf4 b5 30. Ne4 Bxe4 31. Kxe4 Re1+ 32. Kf4 Rb1 33.
Rd2 a5 34. Kf5 b4 35. cxb4 cxb4 36. axb4 axb4 37. f4 Rc1 38. Kg5 c5 39. f5 c4
40. Rd5 c3 41. bxc3 bxc3 42. Rd3 c2 43. Rd2 Kf8 44. Re2 Ke7 45. Rd2 Kf8 46. Re2
Ke7 47. e6 f6+ 48. Kg6 Rg1 49. Rxc2 Rxg4+ 50. Kh7 Rg5 51. Rc7+ Kf8 52. Rf7+ Ke8
53. Ra7 Kf8 54. Rf7+ Ke8 55. Ra7 Kf8 56. Rf7+ Ke8 1/2-1/2

[Event "Fide Women Grand Prix Dilijan 2013"]
[Site "Dilijan ARM"]
[Date "2013.06.26"]
[Round "9.6"]
[White "Koneru, Humpy"]
[Black "Dzagnidze, Nana"]
[Result "1/2-1/2"]
[WhiteElo "2597"]
[BlackElo "2550"]
[PlyCount "132"]
[EventDate "2013.06.16"]
[EventType "tourn"]
[EventRounds "11"]
[EventCountry "ARM"]
[EventCategory "11"]
[Source "lmi"]
[SourceDate "2013.06.16"]

1. d4 Nf6 2. c4 e6 3. Nf3 b6 4. e3 Bb7 5. Bd3 d5 6. cxd5 exd5 7. O-O Bd6 8. Nc3
O-O 9. Nb5 Be7 10. b3 a6 11. Nc3 Bd6 12. Ne5 Nbd7 13. f4 Ne4 14. Qc2 Ndf6 15.
Bb2 c5 16. Bxe4 dxe4 17. d5 Bxe5 18. fxe5 Nxd5 19. Qxe4 Ra7 20. Nxd5 Bxd5 21.
Qf4 Qa8 22. Rf2 Re7 23. h4 Re6 24. h5 a5 25. Rd2 h6 26. Rad1 Bc6 27. Qh4 Qb7
28. Rd8 Bxg2 29. Rxf8+ Kxf8 30. Rd8+ Re8 31. e6 Bc6 32. Rxe8+ Kxe8 33. Bxg7
fxe6 34. Qg3 Be4 35. Bxh6 Qd5 36. Qg8+ Kd7 37. Qf7+ Kc6 38. Qe8+ Kb7 39. Qf7+
Ka6 40. Qf1+ b5 41. Qf8 a4 42. bxa4 bxa4 43. a3 Qa2 44. Qf1+ Kb6 45. Bg7 Qxa3
46. Kf2 Qb3 47. h6 a3 48. Qc1 Kb5 49. Kg3 a2 50. Kf4 Qd5 51. Qb2+ Ka4 52. Be5
Bd3 53. Kg5 Qd8+ 54. Bf6 Qd5+ 55. Be5 Qb3 56. Qg2 Qc4 57. Qa8+ Kb3 58. h7 Bxh7
59. Qb7+ Qb4 60. Qxh7 c4 61. Qd7 c3 62. Qd1+ Kb2 63. Qd2+ Kb3 64. Qd1+ Kb2 65.
Qd2+ Kb3 66. Qd1+ Kb2 1/2-1/2

[Event "Fide Women Grand Prix Dilijan 2013"]
[Site "Dilijan ARM"]
[Date "2013.06.27"]
[Round "10.1"]
[White "Cmilyte, Viktorija"]
[Black "Dzagnidze, Nana"]
[Result "0-1"]
[WhiteElo "2511"]
[BlackElo "2550"]
[PlyCount "76"]
[EventDate "2013.06.16"]
[EventType "tourn"]
[EventRounds "11"]
[EventCountry "ARM"]
[EventCategory "11"]
[Source "lmi"]
[SourceDate "2013.06.16"]

1. d4 Nf6 2. c4 e6 3. Nf3 b6 4. g3 Bb4+ 5. Bd2 Bxd2+ 6. Qxd2 O-O 7. Bg2 d5 8.
Nc3 Ba6 9. Ne5 c6 10. b3 Nfd7 11. Nd3 dxc4 12. Nb4 Qc8 13. Nxa6 Qxa6 14. O-O
Nf6 15. Rfc1 cxb3 16. axb3 Qb7 17. b4 a6 18. e4 Ra7 19. e5 Ne8 20. h4 Nc7 21.
Ne4 Nb5 22. Nf6+ Kh8 23. Be4 h6 24. Ng4 Rd8 25. Rc4 Qe7 26. Nxh6 Rad7 27. Qf4
f5 28. Nxf5 exf5 29. Qxf5 g6 30. Qxg6 Nxd4 31. Qh5+ Kg8 32. Bf5 Rd5 33. Qg6+
Kf8 34. Ra3 Qg7 35. Qh5 Rxe5 36. Rxd4 Rxd4 37. Rf3 Ke7 38. Kh2 Nd7 0-1

[Event "Fide Women Grand Prix Dilijan 2013"]
[Site "Dilijan ARM"]
[Date "2013.06.27"]
[Round "10.5"]
[White "Danielian, Elina"]
[Black "Khotenashvili, Bela"]
[Result "1-0"]
[WhiteElo "2475"]
[BlackElo "2531"]
[PlyCount "85"]
[EventDate "2013.06.16"]
[EventType "tourn"]
[EventRounds "11"]
[EventCountry "ARM"]
[EventCategory "11"]
[Source "lmi"]
[SourceDate "2013.06.16"]

1. d4 d5 2. c4 e6 3. Nc3 Bb4 4. e3 Nf6 5. Bd3 c5 6. Nf3 cxd4 7. exd4 dxc4 8.
Bxc4 O-O 9. O-O Nbd7 10. Re1 Nb6 11. Bb3 Nbd5 12. Qd3 Be7 13. a3 b6 14. Bc2 a6
15. Ne5 Bb7 16. Qh3 Qd6 17. Nxd5 Bxd5 18. Bg5 Rfc8 19. Bd3 g6 20. Qh4 Qd8 21.
Re3 Ra7 22. Qf4 Kg7 23. Rh3 Qg8 24. Bxg6 fxg6 25. Bxf6+ Bxf6 26. Qh6+ Kh8 27.
Nxg6+ Qxg6 28. Qxg6 Bxd4 29. Qd3 Bxb2 30. Rd1 b5 31. Qe2 Bf6 32. Rh6 Bg7 33.
Rxe6 Bxe6 34. Qxe6 Rf8 35. g3 Raf7 36. f4 Rf6 37. Qe4 R6f7 38. Rd6 a5 39. Rd5
b4 40. axb4 axb4 41. Qxb4 Re8 42. Kg2 Rc7 43. Qb6 1-0

[Event "Fide Women Grand Prix Dilijan 2013"]
[Site "Dilijan ARM"]
[Date "2013.06.28"]
[Round "11.1"]
[White "Kosintseva, Tatiana"]
[Black "Cmilyte, Viktorija"]
[Result "1-0"]
[WhiteElo "2526"]
[BlackElo "2511"]
[PlyCount "101"]
[EventDate "2013.06.16"]
[EventType "tourn"]
[EventRounds "11"]
[EventCountry "ARM"]
[EventCategory "11"]
[Source "lmi"]
[SourceDate "2013.06.16"]

1. e4 c5 2. Nf3 Nc6 3. d4 cxd4 4. Nxd4 Nf6 5. Nc3 e5 6. Ndb5 d6 7. Bg5 a6 8.
Na3 b5 9. Nd5 Be7 10. Bxf6 Bxf6 11. c4 b4 12. Nc2 O-O 13. g3 Bg5 14. h4 Bh6 15.
Bh3 Be6 16. Kf1 Qa5 17. Kg2 Qc5 18. b3 Ra7 19. Qd3 a5 20. Rad1 Rd7 21. Qf3 a4
22. Bf5 axb3 23. axb3 Ra7 24. g4 Bxf5 25. exf5 f6 26. Qe4 Ra2 27. Ra1 Rxa1 28.
Rxa1 Bd2 29. Ra6 Na5 30. Qd3 Bc3 31. Nxc3 bxc3 32. Qxc3 Nb7 33. Ne3 Qd4 34.
Qxd4 exd4 35. Nd5 Nc5 36. Rxd6 Nxb3 37. Ne7+ Kf7 38. Nc6 h5 39. Rd7+ Kg8 40.
Nxd4 Nxd4 41. Rxd4 hxg4 42. c5 Rc8 43. Rc4 Kf7 44. Kg3 Ke7 45. Kxg4 Ra8 46. c6
Kd8 47. Kh5 Ra1 48. Rg4 Kc7 49. Kg6 Rf1 50. Kxg7 Rxf2 51. Kxf6 1-0